000 00876nam a22002057a 4500
999 _c17322
_d17322
003 AR-CdUCM
008 190508b ||||| |||| 00| 0 spa d
040 _aMUNICIPALIDAD PROVINCIAL DEL CUSCO
_cBIBLIOTECA MUNICIPAL DEL CUSCO
082 _a869.56 /
_bSA18
110 _aDefensoria del pueblo
_97001
245 _aSalud mental y derechos humanos :
_bLa situación de los derechos de las personas internadas en establecimientos de salud mental /
260 _aLima :
_bDefensoria del pueblo,
_c2005.
300 _a230 paginas ;
_bIlustraciones, graficos, dibujos,
_c24 cm.
505 _aContenido: El derecho -- Derechos de las personas -- Analisis del sistema -- Supervision del respeto -- Evaluacion del derecho de los respetos...
650 _aDerechos
_96548
650 _aHumanos
_932765
650 _aLiteratura
_983
942 _2ddc
_cLIBROS
945 _apjha
_d2019-05-08